000 00917cam a2200241 4500
001 WB3809-28
008 020305n2002 000 0 eng u
035 _a(Sirsi) u116984
245 _aStewardship schemes at farmers' expense
260 _c2002
490 _aFarmers' Weekly
_v136(9) 1 March 2002, 59(1)
520 _aA meeting of the Association of Independent Crop Consultants and British Institute of Agricultural Consultants as warned by Brown and Co that Countryside Stewardship will cost most farms more than they will make and lead to a polarisation of production.
590 _aWB
650 _aCOUNTRYSIDE STEWARDSHIP SCHEME
650 _aFARMERS
650 _aPRODUCTION
650 _aFARMS
650 _aASSOCIATION OF INDEPENDENT CROP CONSULTANTS
650 _aBRITISH INSTITUTE OF AGRICULTURAL CONSULTANTS
650 _aAGRI-ENVIRONMENT SCHEMES
690 _aRural
_96268
942 _n0
999 _c69684
_d69684